<?xml version="1.0" encoding="UTF-8"?>
<record
    xmlns:xsi="http://www.w3.org/2001/XMLSchema-instance"
    xsi:schemaLocation="http://www.loc.gov/MARC21/slim http://www.loc.gov/standards/marcxml/schema/MARC21slim.xsd"
    xmlns="http://www.loc.gov/MARC21/slim">

  <leader>01969cam a22003731i 4500</leader>
  <controlfield tag="001">gs 09000198 </controlfield>
  <controlfield tag="003">DLC</controlfield>
  <controlfield tag="005">20260227111309.0</controlfield>
  <controlfield tag="008">790420s1909    dcuabf       f001 0 eng  </controlfield>
  <datafield tag="010" ind1=" " ind2=" ">
    <subfield code="a">gs 09000198 </subfield>
  </datafield>
  <datafield tag="035" ind1=" " ind2=" ">
    <subfield code="a">(OCoLC)4879555</subfield>
  </datafield>
  <datafield tag="040" ind1=" " ind2=" ">
    <subfield code="a">DLC</subfield>
    <subfield code="c">ICharE</subfield>
    <subfield code="d">OCoLC</subfield>
    <subfield code="d">DLC</subfield>
  </datafield>
  <datafield tag="043" ind1=" " ind2=" ">
    <subfield code="a">n-us---</subfield>
  </datafield>
  <datafield tag="050" ind1="0" ind2="0">
    <subfield code="a">QE75</subfield>
    <subfield code="b">.B9 no. 394</subfield>
  </datafield>
  <datafield tag="051" ind1=" " ind2=" ">
    <subfield code="a">TN23</subfield>
    <subfield code="b">.U75 1909</subfield>
    <subfield code="c">Copy 2.</subfield>
  </datafield>
  <datafield tag="110" ind1="2" ind2=" ">
    <subfield code="a">Geological Survey (U.S.)</subfield>
  </datafield>
  <datafield tag="245" ind1="1" ind2="0">
    <subfield code="a">Papers on the conservation of mineral resources /</subfield>
    <subfield code="b">reprinted from Report of the National Conservation Commission, February, 1909.</subfield>
  </datafield>
  <datafield tag="260" ind1=" " ind2=" ">
    <subfield code="a">Washington :</subfield>
    <subfield code="b">Govt. Print. Off.,</subfield>
    <subfield code="c">1909.</subfield>
  </datafield>
  <datafield tag="300" ind1=" " ind2=" ">
    <subfield code="a">214 p. :</subfield>
    <subfield code="b">xii pl. (part. fold., incl. maps) diagrs. ;</subfield>
    <subfield code="c">24 cm.</subfield>
  </datafield>
  <datafield tag="490" ind1="1" ind2=" ">
    <subfield code="a">Bulletin 394</subfield>
  </datafield>
  <datafield tag="500" ind1=" " ind2=" ">
    <subfield code="a">Contents.- Coal fields of the United States, by M.R. Campbell and E.W. Parker.- Estimates of future coal production, by H. Gannett.- The petroleum resources of the United States, by D.T. Day.- Natural-gas resources of the United States, by D.T. Day.- Peat resources of the United States, exclusive of Alaska, by C.A. Davis.- Iron ores of the United States, by C.W. Hayes.- Resources of the United States in gold, silver, copper, lead, and zinc, by W. Lindgren.- The phosphate deposits of the United States, by F.B. Van Horn.- Mineral resources of Alaska, by A.H. Brooks.</subfield>
  </datafield>
  <datafield tag="500" ind1=" " ind2=" ">
    <subfield code="a">Includes index.</subfield>
  </datafield>
  <datafield tag="650" ind1=" " ind2="0">
    <subfield code="a">Mines and mineral resources</subfield>
    <subfield code="z">United States.</subfield>
  </datafield>
  <datafield tag="700" ind1="1" ind2=" ">
    <subfield code="a">Campbell, Marius R.</subfield>
    <subfield code="q">(Marius Robinson),</subfield>
    <subfield code="d">1858-1940.</subfield>
  </datafield>
  <datafield tag="700" ind1="1" ind2=" ">
    <subfield code="a">Parker, Edward W.</subfield>
    <subfield code="q">(Edward Wheeler),</subfield>
    <subfield code="d">1860-</subfield>
  </datafield>
  <datafield tag="700" ind1="1" ind2=" ">
    <subfield code="a">Gannett, Henry,</subfield>
    <subfield code="d">1846-1914.</subfield>
  </datafield>
  <datafield tag="700" ind1="1" ind2=" ">
    <subfield code="a">Day, David T.</subfield>
    <subfield code="q">(David Talbot),</subfield>
    <subfield code="d">1859-1925.</subfield>
  </datafield>
  <datafield tag="700" ind1="1" ind2=" ">
    <subfield code="a">Davis, Charles Albert,</subfield>
    <subfield code="d">1861-1916.</subfield>
  </datafield>
  <datafield tag="700" ind1="1" ind2=" ">
    <subfield code="a">Hayes, C. W.</subfield>
    <subfield code="q">(Charles Willard),</subfield>
    <subfield code="d">1859-1916.</subfield>
  </datafield>
  <datafield tag="700" ind1="1" ind2=" ">
    <subfield code="a">Lindgren, Waldemar,</subfield>
    <subfield code="d">1860-1939.</subfield>
  </datafield>
  <datafield tag="700" ind1="1" ind2=" ">
    <subfield code="a">Van Horn, Frank Benjamin,</subfield>
    <subfield code="d">1877-</subfield>
  </datafield>
  <datafield tag="700" ind1="1" ind2=" ">
    <subfield code="a">Brooks, Alfred H.</subfield>
    <subfield code="q">(Alfred Hulse),</subfield>
    <subfield code="d">1871-1924.</subfield>
  </datafield>
  <datafield tag="810" ind1="2" ind2=" ">
    <subfield code="a">Geological Survey (U.S.).</subfield>
    <subfield code="t">Bulletin ;</subfield>
    <subfield code="v">394.</subfield>
  </datafield>
  <datafield tag="999" ind1=" " ind2=" ">
    <subfield code="c">24833</subfield>
    <subfield code="d">24833</subfield>
  </datafield>
</record>
